000 00354nam a2200157Ia 4500
008 210716s1991 xx 000 0 und d
020 _a0061099260
041 _aeng
082 _a808.83 KANC
100 _aKane, Carol.
245 _aDiva.
250 _a1
260 _aNew York
_bHarper Collins Publisher
_c1991
300 _a615
650 _aNovels
999 _c200362
_d200362